Πολιορκία : μυθιστόρημα
Αποθηκεύτηκε σε:
| Κύριος συγγραφέας: | |
|---|---|
| Μορφή: | Βιβλίο |
| Γλώσσα: | Greek |
| Δημοσίευση: |
[Αθήνα] :
Κέδρος,
[c1953].
|
| Έκδοση: | 5η έκδ. |
| Θέματα: | |
| Ετικέτες: |
Προσθήκη ετικέτας
Δεν υπάρχουν, Καταχωρήστε ετικέτα πρώτοι!
|
MARC
| LEADER | 00000cam a2200000 i 4500 | ||
|---|---|---|---|
| 001 | 1/95978 | ||
| 008 | 081023s1953 gr | ||| |||| ||gre|| | ||
| 035 | |l 10101125 | ||
| 040 | |a GR-MY-UA |b gre |e aacr | ||
| 041 | 0 | |a gre | |
| 082 | 7 | |a 889.334 |2 (22) | |
| 100 | 1 | |a Κοτζιάς, Αλέξανδρος, |d 1926-1992. | |
| 245 | 1 | 0 | |a Πολιορκία : |b μυθιστόρημα / |c Αλέξανδρου Κοτζιά. |
| 250 | |a 5η έκδ. | ||
| 260 | |a [Αθήνα] : |b Κέδρος, |c [c1953]. | ||
| 300 | |a 367 σ. ; |c 21 εκ. | ||
| 650 | 0 | 0 | |a Greek literature, Modern |y 20th century. |
| 650 | 0 | 0 | |a Greek fiction, Modern |y 20th century. |
| 852 | |a INST |b RHODES |c AKA |e 20081023 |h 889.334 ΚΟΤ |p 005400031207 |q 005400031207 |t BK |y 0 | ||
| 901 | |a BIBL4-2008-3 | ||
| 909 | |a Ρ |b 153460 | ||
| 970 | |a ΧΑΡΙΟΠΟΛΙΤΟΥ |b ΚΩΝΣΤΑΝΤΙΝΑ |z 2008/10/23 | ||